[Event "Boyaca Region-ch qual"]
[Site "Duitama"]
[Date "2010.05.16"]
[Round "3.13"]
[White "Morales, Israel"]
[Black "Estupinan, Jeffer"]
[Result "1-0"]
[WhiteElo "1664"]
[BlackElo "1600"]
[PlyCount "85"]
[EventDate "2010.05.15"]
[EventType "swiss"]
[EventRounds "6"]
[EventCountry "COL"]
[SourceTitle "EXT 2024"]
[Source "ChessBase"]
[SourceDate "2023.10.10"]
[SourceVersion "1"]
[SourceVersionDate "2023.10.10"]
[SourceQuality "1"]

1. e4 c5 2. Nf3 d6 3. d4 cxd4 4. Nxd4 Nf6 5. Nc3 g6 6. Be3 Bg7 7. f3 0-0 8. Qd2 Nc6 9. 0-0-0 Bd7 10. Bc4 Rc8 11. Kb1 Ne5 12. Bb3 Nc4 13. Bxc4 Rxc4 14. Bh6 Rxd4 15. Qxd4 Bxh6 16. g4 Bg7 17. Qd2 Qb6 18. h4 h5 19. gxh5 Nxh5 20. Rhg1 Rc8 21. Kc1 a5 22. a3 Be6 23. Rg5 Bh6 24. Rxg6+ fxg6 25. Qxh6 Bf7 26. Nd5 Qd8 27. Rg1 Qf8 28. Rxg6+ Bxg6 29. Qxg6+ Ng7 30. h5 e6 31. Nf6+ Qxf6 32. Qxf6 Rf8 33. Qg6 Kh8 34. h6 Rg8 35. hxg7+ Rxg7 36. Qxe6 Rg1+ 37. Kd2 Rg2+ 38. Kc3 Rg7 39. Qxd6 Kg8 40. e5 b5 41. e6 b4+ 42. Kb3 bxa3 43. bxa3 1-0